|
|
|
|
| LEADER |
00000cam a2200000Mu 4500 |
| 001 |
EBOOKCENTRAL_on1202480030 |
| 003 |
OCoLC |
| 005 |
20240329122006.0 |
| 006 |
m o d |
| 007 |
cr ||||||||||| |
| 008 |
201031s2020 enk o ||| 0 eng d |
| 040 |
|
|
|a EBLCP
|b eng
|c EBLCP
|d REDDC
|d OCLCF
|d OCLCQ
|d OCLCO
|d OCLCL
|
| 019 |
|
|
|a 1202449557
|
| 020 |
|
|
|a 9781786806505
|
| 020 |
|
|
|a 1786806509
|
| 035 |
|
|
|a (OCoLC)1202480030
|z (OCoLC)1202449557
|
| 050 |
|
4 |
|a D726.5
|b .R468 2020
|
| 082 |
0 |
4 |
|a 320.533094
|2 23
|
| 049 |
|
|
|a UAMI
|
| 100 |
1 |
|
|a Renton, David.
|
| 245 |
1 |
0 |
|a Fascism
|h [electronic resource] :
|b History and Theory.
|
| 250 |
|
|
|a 2nd ed.
|
| 260 |
|
|
|a London :
|b Pluto Press,
|c 2020.
|
| 300 |
|
|
|a 1 online resource (209 p.)
|
| 500 |
|
|
|a Description based upon print version of record.
|
| 505 |
0 |
|
|a Cover -- Contents -- Introduction: The Anti-Fascist Wager -- 1. Interwar Fascism -- 2. An Alternative Method -- 3. Marxists against Mussolini and Hitler -- 4. Benjamin, Gramsci, Trotsky -- 5. Beyond 19333 -- 6. Marxists and the Holocaust -- Conclusion: A Specific Form of Reactionary Mass Movement -- Notes -- Index
|
| 520 |
|
|
|a The classic text on the history and theory of fascism, revised for the twentieth anniversary of its first publication.
|
| 590 |
|
|
|a ProQuest Ebook Central
|b Ebook Central Academic Complete
|
| 650 |
|
0 |
|a Fascism
|z Europe
|x History.
|
| 650 |
|
0 |
|a Fascism.
|
| 650 |
|
6 |
|a Fascisme
|z Europe
|x Histoire.
|
| 650 |
|
6 |
|a Fascisme.
|
| 650 |
|
7 |
|a fascism.
|2 aat
|
| 650 |
|
7 |
|a Fascism
|2 fast
|
| 651 |
|
7 |
|a Europe
|2 fast
|1 https://id.oclc.org/worldcat/entity/E39PBJxCxPbbk4CPJDQJb4r6rq
|
| 655 |
|
7 |
|a History
|2 fast
|
| 758 |
|
|
|i has work:
|a Fascism (Text)
|1 https://id.oclc.org/worldcat/entity/E39PCGmGv63QY9CXJqQhKdhvHC
|4 https://id.oclc.org/worldcat/ontology/hasWork
|
| 776 |
0 |
8 |
|i Print version:
|a Renton, David
|t Fascism : History and Theory
|d London : Pluto Press,c2020
|z 9780745341194
|
| 856 |
4 |
0 |
|u https://ebookcentral.uam.elogim.com/lib/uam-ebooks/detail.action?docID=6355658
|z Texto completo
|
| 938 |
|
|
|a ProQuest Ebook Central
|b EBLB
|n EBL6355658
|
| 994 |
|
|
|a 92
|b IZTAP
|